Loading...
| Science - Physics | 0 | 3 | 0 | 0 | 30 | 83 | 106.00 | 0 | 0 | 0.00 | 0.00 |
| History - American | 0 | 2 | 0 | 1 | 20 | 91 | 108.00 | 0 | 0 | 0.00 | 0.00 |
| Art - Music/Opera | 0 | 2 | 0 | 0 | 20 | 137 | 138.50 | 1 | 2 | 0.00 | 0.00 |
| Social Science - Linguistics | 0 | 2 | 0 | 0 | 20 | 76 | 96.50 | 0 | 0 | 0.00 | 0.00 |
| Social Science - Economics | 0 | 2 | 0 | 0 | 20 | 43 | 87.00 | 1 | 1 | 0.00 | 0.00 |
| Science - Biology | 0 | 2 | 0 | 1 | 20 | 118 | 124.00 | 0 | 0 | 0.00 | 0.00 |
| Philosophy - Medieval | 0 | 1 | 0 | 0 | 10 | 87 | 87.00 | 0 | 1 | 0.00 | 0.00 |
| Philosophy - Mixed/Any | 0 | 1 | 0 | 1 | 10 | 130 | 130.00 | 0 | 1 | 0.00 | 0.00 |
| Religion - Christianity/Judaism | 0 | 1 | 0 | 0 | 10 | 121 | 121.00 | 0 | 0 | 0.00 | 0.00 |
| Science - Chemistry | 0 | 1 | 0 | 1 | 10 | 128 | 128.00 | 0 | 0 | 0.00 | 0.00 |
| Science - Earth | 0 | 1 | 0 | 1 | 10 | 135 | 135.00 | 0 | 0 | 0.00 | 0.00 |
| Science - Other | 0 | 1 | 0 | 0 | 10 | 132 | 132.00 | 0 | 0 | 0.00 | 0.00 |
| Social Science - IR | 0 | 1 | 0 | 1 | 10 | 132 | 132.00 | 0 | 0 | 0.00 | 0.00 |
| Social Science - Psychology | 0 | 1 | 0 | 0 | 10 | 61 | 61.00 | 1 | 1 | 0.00 | 0.00 |
| Art - Painting/Sculpture | 0 | 1 | 0 | 1 | 10 | 157 | 157.00 | 0 | 1 | 0.00 | 0.00 |
| Literature - British drama | 0 | 1 | 0 | 1 | 10 | 140 | 140.00 | 0 | 0 | 0.00 | 0.00 |
| Other Academic/Cross-Category - Any | 0 | 1 | 0 | 0 | 10 | 52 | 52.00 | 0 | 1 | 0.00 | 0.00 |
| Philosophy - 20th century | 0 | 1 | 0 | 0 | 10 | 121 | 121.00 | 0 | 0 | 0.00 | 0.00 |
| Philosophy - Ancient | 0 | 1 | 0 | 0 | 10 | 148 | 148.00 | 0 | 0 | 0.00 | 0.00 |
| Philosophy - Enlightenment | 0 | 1 | 1 | 0 | 5 | 92 | 92.00 | 1 | 1 | 0.00 | 0.00 |
| History - Other | 0 | 0 | 0 | 0 | 0 | 0.00 | 0 | 0 | 0.00 | 0.00 |